9 Smallest Countries By Geographic Region - Statistics

General Stats
  • This quiz has been taken 82 times
    43 since last reset
  • The average score is 6 of 9
Answer Stats
Region Country % Correct
Smallest Country in Europe Vatican City
97%
Smallest Country in Oceania Nauru
72%
Smallest Country in the Caribbean St. Kitts
69%
Smallest Country in South America Suriname
69%
Smallest Country in the Middle East Bahrain
66%
Smallest Country in Central America El Salvador
66%
Smallest Country in North America Mexico
50%
Smallest Country in Africa The Seychelles
47%
Smallest Country in Asia Maldives
38%
No matching quizzes found
Score Distribution
Percent of People with Each Score
Percentile by Number Answered
Your Score History
You have not taken this quiz since the last reset